| 000 | 00972nam a2200229Ia 4500 | ||
|---|---|---|---|
| 001 | L770-49014 | ||
| 003 | IT-CnALBA | ||
| 008 | 170116s9999||||xx |||||||||||||| ||und|| | ||
| 040 |
_aIT-CnALBA _cIT-CnALBA |
||
| 041 | _aITALIANO | ||
| 100 | _aMASCHERPA GIORGIO | ||
| 245 | 0 | _aCARLO FAYER. CERAMICHE. PALAZZO PERABO'. CERROVALENO MOMBELLO. APRILE-MAGGIO 1992. | |
| 250 | _a1a ed. | ||
| 260 |
_aROMA _bDE LUCA EDITORE IN ROMA' _c1992 [1° Ed.:1992 - Ed.Ling.Originale: 1992] |
||
| 300 | _a71 p. | ||
| 500 | _aFAYER, PITTURA SCULTURA CERAMICHE. TERRE COTTE. OPERE. BIOGRAFIA. PERSONALI. COLLETTIVE. OPERE PUBBLICHE. ANTOLOGIA CRITICA. | ||
| 501 | _aSocietà San Paolo EM - Piazza San Paolo, 14 - 12051 ALBA (CN) (non commercial uses only) ® Copyright 2017 | ||
| 520 | _aFAYER, PITTURA SCULTURA CERAMICHE. TERRE COTTE. OPERE. BIOGRAFIA. PERSONALI. COLLETTIVE. OPERE PUBBLICHE. ANTOLOGIA CRITICA. | ||
| 650 | _aFOTOGRAFIA | ||
| 942 | _cBK | ||
| 957 | _71 | ||
| 999 |
_a55529 _bNO _g Copie: 1 _c307922 _d307922 |
||